| 000 | 00574nam a2200193Ia 4500 | ||
|---|---|---|---|
| 003 | GCL | ||
| 008 | 140319s9999 xx 000 0 eng d | ||
| 020 | _a7501210152 | ||
| 040 |
_aGCL / _cGCL |
||
| 082 | 0 | 4 |
_a915.1 _bW W |
| 245 | 1 | 0 | _aTHE WORLD IN THE EYES OF CHINESE DIPLOMATS |
| 260 |
_aالصين : _bWORLD AFFAIRS PRESS ، _c1998 |
||
| 300 |
_a32 CM ؛ _c271 P |
||
| 650 | 0 | 4 | _aEUROPE - DESCRIPTION AND TRAVEL |
| 650 | 0 | 4 | _aASIA - DESCRIPTION AND TRAVELS |
| 650 | 0 | 4 | _aAFRICA - DESCRIPTION AND TRAVELS |
| 650 | 0 | 4 | _aAMERICA - DESCRIPTION AND TRAVEL |
| 942 |
_2ddc _cBK |
||
| 999 |
_c9095 _d9095 |
||